[Event "New Delhi Parsvnath op 9th"]
[Site "New Delhi"]
[Date "2011.01.09"]
[Round "3"]
[White "Thipsay, Bagyashree Sathe"]
[Black "Subedi, Raju"]
[Result "1-0"]
[WhiteElo "2138"]
[BlackElo "1939"]
[PlyCount "100"]
[EventDate "2011.01.08"]
[EventType "swiss"]
[EventRounds "11"]
[EventCountry "IND"]
[SourceTitle "CBM 140 Extra"]
[Source "ChessBase"]
[SourceDate "2011.03.01"]
[SourceVersion "1"]
[SourceVersionDate "2011.03.01"]
[SourceQuality "1"]

1. e4 e5 2. Nf3 Nc6 3. Bb5 a6 4. Ba4 Nf6 5. d4 exd4 6. 0-0 Be7 7. Re1 d6 8. Bxc6+ bxc6 9. Nxd4 Bd7 10. Nc3 0-0 11. Bf4 Rb8 12. b3 c5 13. Nf3 Bc6 14. h3 Re8 15. e5 Nh5 16. Bh2 g6 17. exd6 cxd6 18. Nd5 Bf8 19. Qd3 Rxe1+ 20. Rxe1 Bxd5 21. Qxd5 Qf6 22. Qd2 Qb2 23. c4 Qxd2 24. Nxd2 Rd8 25. Rd1 f5 26. g4 Ng7 27. Nf1 Kf7 28. Ne3 fxg4 29. hxg4 a5 30. Nd5 Ne6 31. Rd3 Nd4 32. Re3 h6 33. Re4 Re8 34. Rxe8 Kxe8 35. Bf4 Kf7 36. Kg2 g5 37. Bd2 Nc6 38. f4 gxf4 39. Bxf4 Kg6 40. Kf3 h5 41. gxh5+ Kxh5 42. Nf6+ Kg6 43. Ne4 Nd4+ 44. Kg4 Nf5 45. Bd2 Be7 46. Bxa5 d5 47. cxd5 Ne3+ 48. Kf4 Nxd5+ 49. Ke5 Ne3 50. Bb6 Kf7 1-0